00642cam a22002171 4500001001300000003000400013005001700017008004100034010001700075025001800092035002000110040001700130042001200147050001500159100002600174245004700200260009100247300002500338650004400363999001700407sa 64001489 DLC20260227112003.0841012s1963 pk 000 0 eng  asa 64001489  aPL480:P-E-342 a(OCoLC)11258463 aDLCcWUdDLC apremarc00aAZ777b.N31 aNadvi, Syed Sulaiman.14aThe education of Hindus under Muslim rule. aKarachi,bAcademy of Educational Research, All Pakistan Educational Conference,c1963. aviii, 138 p.c19 cm. 0aLearning and scholarshipzMogul Empire. c56773d56773